000 00703cab a2200229 4500
001 WB3241-12
008 090401t1996 xxu||||| |||| 00| 0 eng d
035 _a(Sirsi) u39804
041 _aeng
245 _aEurope behind in farm-related contracts
260 _c1996
350 _a0
490 _aFinancial Times
_v30 October 1996, 31(1)
520 _aEurope is lagging behind the US in developing agricultural futures contracts. Identifies seven criteria for success, which contracts for new products should meet.
650 _aEUROPE
650 _aFARMING
650 _aFUTURES CONTRACTS
650 _aUNITED STATES
690 _aECONOMIC AND SOCIAL
942 _n0
948 _c04/03/1997
999 _c25481
_d25481